|
|
|
|
| LEADER |
00905nam a2200241 a 4500 |
| 001 |
000652231 |
| 003 |
CZ BrMZK |
| 005 |
20150318145102.0 |
| 008 |
030207s1966 xr f cze d |
| 040 |
|
|
|a BOA001
|b cze
|c BOA001
|
| 080 |
|
|
|a 669.046.564
|2 MRF
|
| 100 |
1 |
|
|a Hayer, Miloš
|7 mzk2015863945
|4 aut
|
| 245 |
1 |
0 |
|a Studium oduhličení tavenin železa plynnou fází /
|c M. Hayer, M. Mandl, J. Skála
|
| 260 |
|
|
|a Praha :
|b Výzkumný ústav hutnictví železa,
|c 1966
|
| 300 |
|
|
|a 52 s.
|
| 490 |
1 |
|
|a Zprávy Výzkumného ústavu hutnictví železa ;
|v č. 12/1966
|
| 504 |
|
|
|a Bibliografie na s. 49-52
|
| 700 |
1 |
|
|a Skála, J.,
|c hutnictví
|4 aut
|
| 700 |
1 |
|
|a Mandl, Miroslav
|7 xx0059069
|4 aut
|
| 830 |
|
0 |
|a Zprávy Výzkumného ústavu hutnictví železa
|
| 910 |
|
|
|a BOA001
|b TK-A-0135.829
|
| 990 |
|
|
|a BK
|
| 996 |
6 |
|
|b BC-76967
|c TK-A-0135.829
|l MZK
|r Sklad / do 24 hodin
|n 0
|w 000652231
|u 000010
|a 1
|e BOA001
|j MZK50
|s P
|